000 00360 a2200097 4500
245 0 0 _aRezonatory kwarcowe - Zarys i wymiary obudów typu AA, AB, AB/1, AB/2 i AB/3 PN-80/T-80400.01 /
_cMin. Przem. Maszynowego.
246 1 3 _aPN-80/T-80400.01
246 1 3 _a621.372.41:621.38.04
260 _aWarszawa :
_bMin. Przem. Maszynowego,
_c1980.
300 _a2 stron ;
_c30 cm.
650 _aPolska norma
999 _c19534
_d19534